Kurukshetra (Record no. 220285)

MARC details
000 -LEADER
fixed length control field 00280nas a2200121 4500
005 - DATE AND TIME OF LATEST TRANSACTION
control field 20211029130138.0
008 - FIXED-LENGTH DATA ELEMENTS--GENERAL INFORMATION
fixed length control field 211029b ||||| |||| 00| 0 eng d
022 ## - INTERNATIONAL STANDARD SERIAL NUMBER
International Standard Serial Number -
040 ## - CATALOGING SOURCE
Transcribing agency
245 ## - TITLE STATEMENT
Title Kurukshetra
260 ## - PUBLICATION, DISTRIBUTION, ETC.
Place of publication, distribution, etc. Publication Division,Delhi
Name of publisher, distributor, etc. Mar 2021
942 ## - ADDED ENTRY ELEMENTS (KOHA)
Source of classification or shelving scheme Dewey Decimal Classification
Koha item type Periodicals
Holdings
Withdrawn status Lost status Source of classification or shelving scheme Damaged status Not for loan Home library Current library Date acquired Total Checkouts Date last seen Price effective from Koha item type
    Dewey Decimal Classification     St Aloysius PG Library St Aloysius PG Library 10/29/2021   10/29/2021 10/29/2021 Periodicals